000 01198nam a2200373Ia 4500
003 OSt
005 20220912144937.0
006 a|||||r|||| 00| 0
007 ta
008 220909b |||||||| |||| 00| 0 eng d
020 _a9781862392793 (hbd)
024 _a95710
037 _b318, 26/02/2010, N R Book Distributors
037 _cTextbook
040 _aCSL
_beng
_cCSL
041 _aeng
082 _aH119, P9 TH
100 _aLong D Ed.
245 0 _aSediment:hosted gas hybrates:new insights on natural and synthetic systems
260 _aLondon
_bGeological Society
_c2009
300 _avi, 192p.
_ccm.
490 _aGeological society special publication, 319
500 _aIncludes bibliographical references.; Index 185-192p.
650 _a Climate factors
650 _a Gas hydrates
650 _a Hydrates-stability
650 _a Natural gas-hydrates
650 _aGeology
700 _a Lovell M A Ed.
700 _a Rees J G Ed.
700 _a Rochelle C A Ed.
942 _hH119, P9 TH
_cTB
_2CC
999 _c19553
_d19553